Inglés para todos : practicar /

Guía para practicar la lengua inglesa hablada en Estados Unidos, diferenciando las formas de expresión en Inglaterra y en la Unión Americana. A través de cuarenta diálogos se da información sobre los aspectos más sobresalientes de la vida cotidiana y la cultura norteamericanas.

Guardat en:
Dades bibliogràfiques
Altres autors: Hammer-Merle, Lynn (autor) (autor)
Format: Llibre
Idioma:espanyol
Publicat: México : Larousse, 1993, c1993
Matèries:
Etiquetes: Afegir etiqueta
Sense etiquetes, Sigues el primer a etiquetar aquest registre!

MARC

LEADER 00000nam^a2200000^a^4500
001 000318603
005 20250521000000.0
009 20260310113416.973
020 |a 970-607-026-5 
025 |a Donación sin dato, 1 ejemplar 
037 |a Acervo ITESO - Biblioteca 
041 |a ESP 
082 |a 425.  |b ING V. 2 
240 1 1 |a [Inglés para todos] 
245 0 0 |a Inglés para todos :  |b practicar /  |c L. Hammer-Merle... [et al.]. 
264 4 |a México :  |b Larousse,  |c 1993, c1993 
300 |a 350 p. 
336 |a texto  |b txt  |2 rdacontenido 
337 |a sin mediación  |b n  |2 rdamedio 
338 |a volumen  |b nc  |2 rdasoporte 
520 |a Guía para practicar la lengua inglesa hablada en Estados Unidos, diferenciando las formas de expresión en Inglaterra y en la Unión Americana. A través de cuarenta diálogos se da información sobre los aspectos más sobresalientes de la vida cotidiana y la cultura norteamericanas. 
546 |a Edición bilingüe español-inglés 
649 |a XX 
650 |a Guía de Estudio 
650 |a Inglés en EUA -  |x Estudio y Enseñanza -  |x Tema Principal 
650 |a Inglés -  |x Estudio y Enseñanza -  |x Tema Principal 
650 |a Inglés como Lengua Extranjera -  |x Estudio y Enseñanza -  |x Tema Principal 
650 |a Lenguas Extranjeras -  |x Estudio y Enseñanza 
650 |a Lenguas Germánicas 
650 |a Lenguas Indo-Europeas 
650 |a Lenguas -  |x Estudio y Enseñanza 
650 |a Comunicación Oral 
650 |a Comunicación Verbal 
650 |a Lingüística 
700 |a Hammer-Merle, Lynn  |e (autor) 
910 |a Fondo General 
920 |a Impresos - Libros 
930 |a Colección General 
905 |a 101 
901 |a 0500205629  |b IT1  |c ACC  |i D  |u 20250521 
902 |a https://opac.biblio.iteso.mx/vufind/Record/000318603